00743nam a22002537a 45000010005000000030009000050050017000140070005000310080029000360200015000650400022000800820026001021000028001282450076001562600041002323000031002734900020003045000006003245340041003306500028003716500033003997000027004327000030004595941DO-SdBNP20241011114449.05941871130s1986 sp spa  a8476347553 aBPMSUbspacBPMSU 4a843.8bV531J 19862221 aVerne, Juliod1828-190510aJulio Verne : bEl rayo verde /cJulio Verne ; traducción, S. Nerval  aBarcelona : bEdiciones Orbis,c1986 a190 p. : bil. ; c20 cm. 0 aJulio Verne,v2 a  pTítulo original : tLe rayon-vert. 4aNovela juvenil francesa 4aLiteratura juvenil francesa 1 aNerval, S.etraductor 1 aBenett, Léond1839-1916